[Event "RSA-ch U08"]
[Site "Gauteng"]
[Date "2017.04.11"]
[Round "11"]
[White "Willis, Cronan"]
[Black "Le Roux, Jean"]
[Result "0-1"]
[WhiteElo "786"]
[BlackElo "708"]
[PlyCount "39"]
[EventDate "2017.04.05"]
[EventType "swiss"]
[EventRounds "11"]
[EventCountry "RSA"]
[SourceTitle "CBM 177 Extra"]
[Source "ChessBase"]
[SourceDate "2017.04.27"]
[SourceVersion "1"]
[SourceVersionDate "2017.04.27"]
[SourceQuality "1"]

1. e4 e5 2. Nf3 Nc6 3. d4 Nf6 4. Nc3 Bb4 5. Bd2 exd4 6. Nd5 Bxd2+ 7. Qxd2 Nxe4 8. Qf4 d6 9. Qxe4+ Be6 10. Nf4 0-0 11. Nxe6 fxe6 12. Qxe6+ Kh8 13. Bd3 Nb4 14. Be4 Re8 15. Qg4 d5 16. Ng5 dxe4 17. Nf7+ Kg8 18. Nxd8 Raxd8 19. 0-0 Nxc2 20. Rac1 0-1

[Event "RSA-ch U08"]
[Site "Gauteng"]
[Date "2017.04.10"]
[Round "9"]
[White "Liang, Yi Xuan"]
[Black "Le Roux, Jean"]
[Result "1-0"]
[WhiteElo "571"]
[BlackElo "708"]
[PlyCount "32"]
[EventDate "2017.04.05"]
[EventType "swiss"]
[EventRounds "11"]
[EventCountry "RSA"]
[SourceTitle "CBM 177 Extra"]
[Source "ChessBase"]
[SourceDate "2017.04.27"]
[SourceVersion "1"]
[SourceVersionDate "2017.04.27"]
[SourceQuality "1"]

1. d4 d5 2. Bf4 Nf6 3. e3 Nc6 4. Nf3 Bf5 5. c3 e6 6. Nbd2 g6 7. Be2 Bd6 8. Bh6 Ng4 9. Bg7 Rg8 10. Be5 Ngxe5 11. Nxe5 Qg5 12. Nef3 Qxg2 13. Rf1 0-0-0 14. Nh4 Qxh2 15. Nxf5 Nb4 16. Nxd6+ Rxd6 1-0

[Event "RSA-ch U08"]
[Site "Gauteng"]
[Date "2017.04.06"]
[Round "2"]
[White "Le Roux, Jean"]
[Black "Van Zyl, Benjamin"]
[Result "0-1"]
[WhiteElo "708"]
[BlackElo "557"]
[PlyCount "38"]
[EventDate "2017.04.05"]
[EventType "swiss"]
[EventRounds "11"]
[EventCountry "RSA"]
[SourceTitle "CBM 177 Extra"]
[Source "ChessBase"]
[SourceDate "2017.04.27"]
[SourceVersion "1"]
[SourceVersionDate "2017.04.27"]
[SourceQuality "1"]

1. e4 c5 2. Nf3 e6 3. Bc4 d6 4. d3 Nc6 5. Bg5 Nf6 6. 0-0 Be7 7. Nc3 a6 8. Qe2 0-0 9. Na4 b5 10. Nb6 Qxb6 11. Bb3 a5 12. c4 bxc4 13. dxc4 Ba6 14. Bh4 d5 15. cxd5 exd5 16. exd5 Bxe2 17. Rfe1 Nd4 18. Rac1 Nxb3 19. Rc3 h6 0-1